[Event "CN Equipas 2017 - 1. div"]
[Site "Leiria POR"]
[Date "2017.07.17"]
[Round "1.1.1"]
[White "Martinez, Lelys"]
[Black "Sprenger, Jan"]
[Result "1/2-1/2"]
[WhiteElo "2495"]
[BlackElo "2514"]
[WhiteFideId "3504727"]
[BlackFideId "4646258"]
[WhiteTeam "GD Dias Ferreira 'A'"]
[BlackTeam "GX Porto 'A'"]
[WhiteTitle "GM"]
[BlackTitle "IM"]
[PlyCount "71"]

1. Nf3 d5 2. b3 Nf6 3. Bb2 Bf5 4. g3 h6 5. Bg2 e6 6. c4 Be7 7. O-O O-O 8. d4
Nbd7 9. Nc3 Ne4 10. Nd2 Nxc3 11. Bxc3 Nf6 12. b4 c6 13. a4 Rc8 14. Qb3 b6 15.
Rfd1 Qc7 16. Rac1 a5 17. b5 cxb5 18. Qxb5 Ne4 19. Nxe4 dxe4 20. Bd2 Rfd8 21. Bf4
Qd7 22. h3 Ba3 23. Rc2 e3 24. Ra2 exf2+ 25. Kxf2 Bb4 26. Qxd7 Rxd7 27. e4 Bg6
28. Rc2 Rcd8 29. Be3 f5 30. exf5 Bxf5 31. Ra2 Rc8 32. g4 Bg6 33. Rc1 Rdc7 34. d5
exd5 35. Bxd5+ Bf7 36. Rd1 1/2-1/2

[Event "CN Equipas 2017 - 1. div"]
[Site "Leiria POR"]
[Date "2017.07.17"]
[Round "1.1.2"]
[White "Iruzubieta, Jesus"]
[Black "Sousa, André V"]
[Result "0-1"]
[WhiteElo "2428"]
[BlackElo "2368"]
[WhiteFideId "2200597"]
[BlackFideId "1917617"]
[WhiteTeam "GX Porto 'A'"]
[BlackTeam "GD Dias Ferreira 'A'"]
[WhiteTitle "FM"]
[BlackTitle "IM"]
[PlyCount "87"]

1. e4 e5 2. Nf3 Nc6 3. d4 exd4 4. Nxd4 Qf6 5. Nxc6 Bc5 6. Qf3 dxc6 7. Nc3 Be6 8.
Qg3 O-O-O 9. Be3 Bb6 10. Bd3 Qg6 11. Bxb6 axb6 12. O-O-O Nf6 13. Be2 Rxd1+ 14.
Rxd1 Re8 15. Qxg6 hxg6 16. h4 b5 17. a3 Bd7 18. Bf3 c5 19. b4 c4 20. Re1 Bc6 21.
Kd2 Nh5 22. g3 Kd7 23. a4 bxa4 24. b5 Bxb5 25. Nxb5 c6 26. Bg4+ Ke7 27. Bxh5
cxb5 28. Bf3 Kd6 29. c3 Kc5 30. Kc2 a3 31. e5 b6 32. Bg4 Rd8 33. e6 fxe6 34.
Re5+ Rd5 35. Rxe6 a2 36. Re1 b4 37. cxb4+ Kxb4 38. Ra1 Ka3 39. Kc3 b5 40. Be2
Re5 41. Bg4 Rd5 42. Be2 Rd8 43. Bxc4 bxc4 44. Kd4 0-1

[Event "CN Equipas 2017 - 1. div"]
[Site "Leiria POR"]
[Date "2017.07.17"]
[Round "1.1.3"]
[White "Suarez Garcia, Carlos"]
[Black "Trigo Urquijo, Sergio"]
[Result "1-0"]
[WhiteElo "2455"]
[BlackElo "2389"]
[WhiteFideId "22230858"]
[BlackFideId "2262436"]
[WhiteTeam "GD Dias Ferreira 'A'"]
[BlackTeam "GX Porto 'A'"]
[WhiteTitle "IM"]
[BlackTitle "FM"]
[PlyCount "115"]

1. d4 d6 2. Nf3 g6 3. c4 Bg7 4. Nc3 e5 5. g3 Nd7 6. Bg2 Ngf6 7. O-O O-O 8. e3 c6
9. b3 exd4 10. Nxd4 Qe7 11. Ba3 Nc5 12. Qc2 Re8 13. Rad1 Bg4 14. Rd2 Rad8 15. h3
Bc8 16. Kh2 h5 17. Rfd1 h4 18. gxh4 Qe5+ 19. Kg1 Nfe4 20. Nxe4 Nxe4 21. Bxe4
Qxe4 22. Qxe4 Rxe4 23. Nf3 Bxh3 24. Ng5 Rxh4 25. Nxh3 Rxh3 26. Rxd6 Rxd6 27.
Rxd6 Rh5 28. Rd8+ Kh7 29. Rd7 Ra5 30. Bb4 Rxa2 31. Rxf7 Kh6 32. Rxb7 a5 33. Bd6
Bc3 34. Bc5 a4 35. bxa4 Rxa4 36. Bf8+ Kg5 37. c5 Ra1+ 38. Kg2 Ra2 39. Rf7 Rc2
40. Be7+ Kh6 41. Kh3 g5 42. Kg4 Kg6 43. Rf5 Be1 44. Rf6+ Kg7 45. f3 Rg2+ 46. Kf5
Rg3 47. Rxc6 Rxf3+ 48. Ke4 g4 49. Bd6 Rf1 50. Rc7+ Kf6 51. Be5+ Ke6 52. Rg7 g3
53. c6 Ba5 54. Rg6+ Ke7 55. Rxg3 Rd1 56. Bd4 Kd6 57. Rg6+ Kc7 58. Kd5 1-0

[Event "CN Equipas 2017 - 1. div"]
[Site "Leiria POR"]
[Date "2017.07.17"]
[Round "1.1.4"]
[White "Lombaers, Peter"]
[Black "Gonzalez Perez, Arian"]
[Result "0-1"]
[WhiteElo "2327"]
[BlackElo "2461"]
[WhiteFideId "1032852"]
[BlackFideId "3507777"]
[WhiteTeam "GX Porto 'A'"]
[BlackTeam "GD Dias Ferreira 'A'"]
[WhiteTitle "FM"]
[BlackTitle "IM"]
[PlyCount "92"]

1. d4 d5 2. Bf4 Nf6 3. e3 c5 4. dxc5 e6 5. b4 a5 6. c3 axb4 7. cxb4 b6 8. Bxb8
Rxb8 9. Bb5+ Ke7 10. c6 Qd6 11. a3 Ne8 12. Nc3 g6 13. Rc1 Bg7 14. Nf3 Nc7 15.
Be2 b5 16. Nd4 Ba6 17. O-O e5 18. Nb3 Rhd8 19. Qd2 f5 20. Rfd1 Bc8 21. Qe1 Rb6
22. Na5 e4 23. Qf1 Be5 24. Nxb5 Rxb5 25. Bxb5 Bxh2+ 26. Kh1 g5 27. g3 Qh6 28.
Qg2 Bxg3+ 29. Kg1 Bh4 30. Be2 f4 31. Bg4 Bxf2+ 32. Qxf2 Bxg4 33. Rd2 d4 34. exd4
e3 35. Qe1 Qe6 36. Rh2 h5 37. b5 f3 38. b6 f2+ 39. Rxf2 exf2+ 40. Qxf2 Rf8 41.
Re1 Rxf2 42. Kxf2 Na6 43. Rxe6+ Bxe6 44. Ke3 Bd5 45. Kf2 Kd6 46. c7 Nxc7 0-1

[Event "CN Equipas 2017 - 1. div"]
[Site "Leiria POR"]
[Date "2017.07.17"]
[Round "1.2.1"]
[White "Luch, Michal"]
[Black "Santos, António P"]
[Result "1-0"]
[WhiteElo "2393"]
[BlackElo "2237"]
[WhiteFideId "1120042"]
[BlackFideId "1900161"]
[WhiteTeam "AA Coimbra 'A'"]
[BlackTeam "Sporting Clube Portugal 'A'"]
[WhiteTitle "IM"]
[BlackTitle "FM"]
[PlyCount "91"]

1. d4 d5 2. c4 c6 3. Nf3 Nf6 4. e3 e6 5. Bd3 Nbd7 6. Nbd2 Bd6 7. O-O O-O 8. e4
e5 9. cxd5 cxd5 10. exd5 exd4 11. Ne4 Nxe4 12. Bxe4 Nf6 13. Qxd4 Nxe4 14. Qxe4
Re8 15. Qd4 Bf5 16. Bg5 Qa5 17. Bd2 Qc5 18. Bc3 Qxd4 19. Nxd4 Be4 20. Rad1 a6
21. Rfe1 h6 22. Ne6 fxe6 23. Rxe4 exd5 24. Rxe8+ Rxe8 25. Rxd5 Re6 26. h4 g6 27.
g4 Be7 28. h5 gxh5 29. Rxh5 Bg5 30. Kg2 b5 31. Kf3 Kh7 32. Rh1 Re7 33. Rd1 Rf7+
34. Kg3 Bf4+ 35. Kg2 Re7 36. Rd5 Rf7 37. Rd8 Rb7 38. a3 Rb6 39. Rf8 Bc1 40. f4
Kg6 41. Kf3 Rc6 42. Kg3 h5 43. f5+ Kg5 44. Rg8+ Kh6 45. Rh8+ Kg5 46. Rxh5# 1-0

[Event "CN Equipas 2017 - 1. div"]
[Site "Leiria POR"]
[Date "2017.07.17"]
[Round "1.2.2"]
[White "Silva, Fernando"]
[Black "Brodowski, Piotr"]
[Result "0-1"]
[WhiteElo "2249"]
[BlackElo "2442"]
[WhiteFideId "1900188"]
[BlackFideId "1124480"]
[WhiteTeam "Sporting Clube Portugal 'A'"]
[BlackTeam "AA Coimbra 'A'"]
[WhiteTitle "IM"]
[BlackTitle "IM"]
[PlyCount "76"]

1. d4 c5 2. e4 cxd4 3. Nf3 Nc6 4. Nxd4 Nf6 5. Nc3 e5 6. Ndb5 d6 7. Nd5 Nxd5 8.
exd5 Ne7 9. c3 Nf5 10. Be2 Be7 11. a4 O-O 12. O-O Nh4 13. Be3 a6 14. Na3 Bg5 15.
Qd2 Bxe3 16. Qxe3 f5 17. f4 Ng6 18. fxe5 f4 19. Qf2 dxe5 20. Bd3 Bf5 21. Bxf5
Rxf5 22. Rad1 e4 23. Nc4 b5 24. axb5 axb5 25. Na3 Rxd5 26. Rxd5 Qxd5 27. Qb6 e3
28. Qxb5 Qxb5 29. Nxb5 Ra2 30. Rb1 Ne5 31. Nd4 Nd3 32. g3 Nxb2 33. gxf4 Nd3 34.
Rb8+ Kf7 35. Rb7+ Ke8 36. Rxg7 Nxf4 37. h4 Rd2 38. Rxh7 Rd1+ 0-1

[Event "CN Equipas 2017 - 1. div"]
[Site "Leiria POR"]
[Date "2017.07.17"]
[Round "1.3.2"]
[White "Santos, José Alves"]
[Black "Camacho Collados, Marcos"]
[Result "0-1"]
[WhiteElo "2196"]
[BlackElo "2417"]
[WhiteFideId "1900366"]
[BlackFideId "2266237"]
[WhiteTeam "AX Portugal/Atlantidiagonal 'A'"]
[BlackTeam "ADRC Mata de Benfica 'A'"]
[WhiteTitle "NM"]
[BlackTitle "IM"]
[PlyCount "100"]

1. e4 b6 2. d4 Bb7 3. Bd3 e6 4. Nf3 c5 5. O-O cxd4 6. Nxd4 Ne7 7. Bf4 Ng6 8. Bg3
Bc5 9. Nb5 e5 10. Nd2 O-O 11. Bc4 a6 12. Nc3 Bd4 13. Nd5 b5 14. c3 Ba7 15. Bb3
d6 16. Kh1 Nd7 17. f4 exf4 18. Nxf4 Nc5 19. Nxg6 hxg6 20. Bd5 Bxd5 21. exd5 Re8
22. Qf3 f5 23. Rae1 Qf6 24. b4 Na4 25. Re6 Rxe6 26. dxe6 Re8 27. Re1 Kh7 28. Qb7
Re7 29. Qxa6 Nxc3 30. Qxd6 Ne4 31. Nxe4 fxe4 32. Qe5 Qxe5 33. Bxe5 Rxe6 34. Rxe4
g5 35. Re1 Bf2 36. Re4 Bb6 37. Re1 Bf2 38. Re4 g4 39. g3 Bb6 40. Re1 Bd4 41. Re4
Bxe5 42. Rxg4 Bc3 43. Kg2 Re2+ 44. Kh3 Bf6 45. Rf4 Kg6 46. Rf3 Rxa2 47. Kg4 Rb2
48. h4 Rxb4+ 49. Kh3 Rb2 50. g4 Be5 0-1

[Event "CN Equipas 2017 - 1. div"]
[Site "Leiria POR"]
[Date "2017.07.17"]
[Round "1.4.1"]
[White "Zeibel, Patrick"]
[Black "Larino, David"]
[Result "1/2-1/2"]
[WhiteElo "2452"]
[BlackElo "2495"]
[WhiteFideId "24624322"]
[BlackFideId "2256444"]
[WhiteTeam "CX Montemor-o-Velho/CTGA 'A'"]
[BlackTeam "O AmanhÃ£ da CrianÃ§a 'A'"]
[WhiteTitle "IM"]
[BlackTitle "GM"]
[PlyCount "72"]

1. e4 g6 2. d4 c6 3. Nc3 d5 4. Nf3 Bg7 5. h3 dxe4 6. Nxe4 Nf6 7. Nxf6+ exf6 8.
Bd3 O-O 9. O-O Re8 10. Bf4 Na6 11. c3 Nc7 12. Re1 Rxe1+ 13. Qxe1 Be6 14. c4 a5
15. a4 Na6 16. Rd1 Qb6 17. Qc3 Nb4 18. Bf1 Re8 19. Bd6 Rd8 20. Re1 f5 21. Be5
Bxe5 22. Rxe5 Rd7 23. Qe3 Nc2 24. Qh6 Nxd4 25. Ng5 c5 26. Qxh7+ Kf8 27. Qh8+ Ke7
28. Nh7 Kd6 29. f4 Qd8 30. Qg7 Qh4 31. Qf8+ Kc7 32. Qxc5+ Kb8 33. Ng5 Qxf4 34.
Qf8+ Kc7 35. Qc5+ Kb8 36. Qf8+ Kc7 1/2-1/2

[Event "CN Equipas 2017 - 1. div"]
[Site "Leiria POR"]
[Date "2017.07.17"]
[Round "1.5.1"]
[White "Iturrizaga, Eduardo"]
[Black "Medarde Santiago, Luis Marcos"]
[Result "1-0"]
[WhiteElo "2664"]
[BlackElo "2354"]
[WhiteFideId "3901211"]
[BlackFideId "2263076"]
[WhiteTeam "AX Gaia 'A'"]
[BlackTeam "FC Barreirense 'A'"]
[WhiteTitle "GM"]
[BlackTitle "FM"]
[PlyCount "61"]

1. d4 Nf6 2. c4 e6 3. g3 d5 4. Bg2 Be7 5. Nf3 O-O 6. b3 dxc4 7. bxc4 c5 8. O-O
cxd4 9. Nxd4 Qc7 10. Nd2 Bd7 11. Rb1 Nc6 12. Nb5 Qc8 13. Nb3 e5 14. Bg5 Rd8 15.
Qc1 Bf5 16. Rb2 a6 17. Nc3 Bh3 18. Bxf6 Bxf6 19. Nd5 Bxg2 20. Kxg2 Ne7 21. e4
Nxd5 22. cxd5 Be7 23. Rc2 Qb8 24. Qb2 a5 25. Rfc1 Bg5 26. Rb1 b6 27. Rc6 b5 28.
Nc5 b4 29. a3 bxa3 30. Qa2 Qa7 31. Rb7 1-0

[Event "CN Equipas 2017 - 1. div"]
[Site "Leiria POR"]
[Date "2017.07.17"]
[Round "1.5.2"]
[White "Rocha, Sérgio"]
[Black "Ftacnik, Lubomir"]
[Result "1/2-1/2"]
[WhiteElo "2364"]
[BlackElo "2551"]
[WhiteFideId "1900404"]
[BlackFideId "14900017"]
[WhiteTeam "FC Barreirense 'A'"]
[BlackTeam "AX Gaia 'A'"]
[WhiteTitle "IM"]
[BlackTitle "GM"]
[PlyCount "131"]

1. d4 Nf6 2. c4 g6 3. Nc3 d5 4. Nf3 Bg7 5. h4 c6 6. Bf4 O-O 7. cxd5 cxd5 8. e3
Nc6 9. Be2 Qb6 10. Qd2 Ne4 11. Qc2 Bf5 12. Qb3 Qxb3 13. axb3 Nb4 14. O-O Rfc8
15. Rfc1 a6 16. Ra4 Nd3 17. Bxd3 Nxc3 18. bxc3 Bxd3 19. Ra5 e6 20. Nd2 Bf8 21.
Raa1 a5 22. f3 b5 23. e4 Ra6 24. Kf2 Rac6 25. Ke3 Rxc3 26. Rxc3 Rxc3 27. Rxa5 e5
28. Bxe5 Bh6+ 29. f4 f6 30. Ra8+ Kf7 31. Ra7+ Ke8 32. Bd6 Bxe4+ 33. Kf2 Rc2 34.
Ke3 Rc3+ 35. Ke2 Bd3+ 36. Kf2 Rc6 37. Rxh7 Rxd6 38. Rxh6 Re6 39. Nf3 Re2+ 40.
Kg3 Kf8 41. Rh8+ Kg7 42. Rd8 Rb2 43. Rxd5 Rxb3 44. Rd7+ Kf8 45. Kf2 Be4 46. d5
Rd3 47. d6 Bxf3 48. gxf3 b4 49. f5 gxf5 50. h5 b3 51. h6 Kg8 52. Kg3 b2 53. Rb7
Rxd6 54. Kf4 Rd5 55. Rxb2 Kh7 56. Rh2 Ra5 57. Rh5 Rb5 58. Rxf5 Rb4+ 59. Kg3 Kxh6
60. Rxf6+ Kg5 61. Rf8 Ra4 62. f4+ Kg6 63. Kg4 Ra1 64. Rg8+ Kf6 65. Rf8+ Kg6 66.
Rg8+ 1/2-1/2

[Event "CN Equipas 2017 - 1. div"]
[Site "Leiria POR"]
[Date "2017.07.17"]
[Round "1.5.3"]
[White "Petkov, Vladimir"]
[Black "Tubio, Pablo Agrasar"]
[Result "1/2-1/2"]
[WhiteElo "2489"]
[BlackElo "1988"]
[WhiteFideId "2901188"]
[BlackFideId "2275988"]
[WhiteTeam "AX Gaia 'A'"]
[BlackTeam "FC Barreirense 'A'"]
[WhiteTitle "GM"]
[PlyCount "74"]

1. d4 Nf6 2. c4 g6 3. g3 Bg7 4. Bg2 d6 5. Nc3 O-O 6. Nf3 c5 7. O-O Nc6 8. d5 Na5
9. Qd3 Rb8 10. Bf4 a6 11. Rab1 b5 12. cxb5 c4 13. Qd2 Bf5 14. Rbe1 Ne4 15. Nxe4
Bxe4 16. Nd4 Bxg2 17. Kxg2 axb5 18. Bh6 Qb6 19. Bxg7 Kxg7 20. h4 h5 21. e4 b4
22. Re3 Rfc8 23. Rf3 c3 24. bxc3 bxc3 25. Rxc3 Nc4 26. Nf5+ gxf5 27. Qg5+ Kf8
28. Rfc1 Qd4 29. Qxf5 Rc5 30. Qxh5 Rb2 31. Rxc4 Qxf2+ 32. Kh3 Qg2+ 33. Kg4 Qe2+
34. Kg5 Qd2+ 35. Kg4 Qe2+ 36. Kg5 Qd2+ 37. Kg4 Qe2+ 1/2-1/2

[Event "CN Equipas 2017 - 1. div"]
[Site "Leiria POR"]
[Date "2017.07.17"]
[Round "1.5.4"]
[White "Ulyanovskyy, Viktor"]
[Black "Strikovic, Aleksa"]
[Result "1/2-1/2"]
[WhiteElo "2219"]
[BlackElo "2509"]
[WhiteFideId "14113350"]
[BlackFideId "900150"]
[WhiteTeam "FC Barreirense 'A'"]
[BlackTeam "AX Gaia 'A'"]
[WhiteTitle "FM"]
[BlackTitle "GM"]
[PlyCount "99"]

1. e4 c5 2. c3 e6 3. Nf3 Nc6 4. d4 d5 5. exd5 exd5 6. Be2 Bd6 7. O-O Nge7 8.
dxc5 Bxc5 9. Nbd2 O-O 10. Nb3 Bb6 11. Re1 Qd6 12. Bf1 Bg4 13. h3 Bh5 14. Be3 Ne5
15. g4 Nxf3+ 16. Qxf3 Bg6 17. Bxb6 axb6 18. Bg2 Be4 19. Qe3 Bxg2 20. Qxe7 Qxe7
21. Rxe7 Bxh3 22. f3 h5 23. gxh5 Rfe8 24. Rxe8+ Rxe8 25. Kf2 Kh7 26. Rh1 Bd7 27.
Nd4 Kh6 28. Ne2 Re5 29. Rh4 Rxh5 30. Rxh5+ Kxh5 31. Nf4+ Kg5 32. Nxd5 Be6 33.
Nxb6 Bxa2 34. Nd7 Kf5 35. Ke3 g5 36. Nc5 Bd5 37. c4 Bc6 38. b4 b6 39. Nb3 Ke5
40. Nc1 Ke6 41. Ne2 Bb7 42. Nd4+ Ke5 43. Ne2 Ba6 44. b5 Bb7 45. f4+ gxf4+ 46.
Nxf4 Be4 47. Ne2 Bg2 48. Nd4 f5 49. Nxf5 Kxf5 50. Kd4 1/2-1/2

[Event "CN Equipas 2017 - 1. div"]
[Site "Leiria POR"]
[Date "2017.07.18"]
[Round "2.1.1"]
[White "Sprenger, Jan"]
[Black "Medarde Santiago, Luis Marcos"]
[Result "1-0"]
[WhiteElo "2514"]
[BlackElo "2354"]
[WhiteFideId "4646258"]
[BlackFideId "2263076"]
[WhiteTeam "GX Porto 'A'"]
[BlackTeam "FC Barreirense 'A'"]
[WhiteTitle "IM"]
[BlackTitle "FM"]
[PlyCount "59"]

1. e4 c5 2. Nf3 g6 3. c3 d5 4. e5 Nc6 5. d4 cxd4 6. cxd4 Bg4 7. Bb5 Qb6 8. Nc3
e6 9. O-O Bxf3 10. Qxf3 Qxd4 11. Rd1 Qxe5 12. Nxd5 exd5 13. Bf4 Qf6 14. Qxd5 Rd8
15. Bxc6+ bxc6 16. Qe4+ Ne7 17. Rxd8+ Kxd8 18. Be5 Qe6 19. Qd4+ Nd5 20. Bxh8 f6
21. Rd1 Be7 22. Qxa7 Ke8 23. a4 Kf7 24. a5 Qg4 25. Re1 Kg8 26. Qa8+ Bf8 27. Qxc6
Nf4 28. Bxf6 Bc5 29. Qe8+ Bf8 30. Qe4 1-0

[Event "CN Equipas 2017 - 1. div"]
[Site "Leiria POR"]
[Date "2017.07.18"]
[Round "2.1.2"]
[White "Rocha, Sérgio"]
[Black "Iruzubieta, Jesus"]
[Result "0-1"]
[WhiteElo "2364"]
[BlackElo "2428"]
[WhiteFideId "1900404"]
[BlackFideId "2200597"]
[WhiteTeam "FC Barreirense 'A'"]
[BlackTeam "GX Porto 'A'"]
[WhiteTitle "IM"]
[BlackTitle "FM"]
[PlyCount "48"]

1. d4 d5 2. Nf3 Nf6 3. c4 e6 4. Nc3 Bb4 5. Bg5 dxc4 6. e3 b5 7. Be2 Bb7 8. O-O
a6 9. a4 Nbd7 10. Bxf6 gxf6 11. axb5 Bxc3 12. bxa6 Bxb2 13. Rb1 Bxf3 14. Bxf3 c3
15. Bxa8 Qxa8 16. Qa4 Qd5 17. a7 O-O 18. Rbd1 f5 19. f3 Nb6 20. Qc2 Qc4 21. e4
f4 22. g3 Qa4 23. Qf2 c2 24. Rc1 Bxd4 0-1

[Event "CN Equipas 2017 - 1. div"]
[Site "Leiria POR"]
[Date "2017.07.18"]
[Round "2.2.1"]
[White "Larino, David"]
[Black "Iturrizaga, Eduardo"]
[Result "1/2-1/2"]
[WhiteElo "2495"]
[BlackElo "2664"]
[WhiteFideId "2256444"]
[BlackFideId "3901211"]
[WhiteTeam "O AmanhÃ£ da CrianÃ§a 'A'"]
[BlackTeam "AX Gaia 'A'"]
[WhiteTitle "GM"]
[BlackTitle "GM"]
[PlyCount "69"]

1. g3 g6 2. Bg2 Bg7 3. Nc3 c5 4. e4 Nc6 5. d3 d6 6. f4 e5 7. Nh3 Nge7 8. O-O
exf4 9. Nxf4 O-O 10. Be3 b5 11. a3 a5 12. Nxb5 Bxb2 13. Rb1 Bg7 14. a4 Ne5 15.
h3 Rb8 16. g4 Bb7 17. Qd2 Bc6 18. c4 Bb7 19. g5 Bc8 20. Rf2 f6 21. gxf6 Bxf6 22.
Ne2 N7c6 23. Rbf1 Rf7 24. Bh6 Nb4 25. Kh2 Nbxd3 26. Rxf6 Rxf6 27. Bg5 Rxf1 28.
Bxd8 Rf2 29. Qxa5 Rxe2 30. Qc7 Bxh3 31. Kxh3 Nf4+ 32. Kg3 Nh5+ 33. Kh3 Nf4+ 34.
Kg3 Nh5+ 35. Kh3 1/2-1/2

[Event "CN Equipas 2017 - 1. div"]
[Site "Leiria POR"]
[Date "2017.07.18"]
[Round "2.2.2"]
[White "Ftacnik, Lubomir"]
[Black "Espineira, Diego"]
[Result "1-0"]
[WhiteElo "2551"]
[BlackElo "2364"]
[WhiteFideId "14900017"]
[BlackFideId "2229498"]
[WhiteTeam "AX Gaia 'A'"]
[BlackTeam "O AmanhÃ£ da CrianÃ§a 'A'"]
[WhiteTitle "GM"]
[BlackTitle "IM"]
[PlyCount "69"]

1. d4 Nf6 2. Nf3 g6 3. c4 Bg7 4. Nc3 d6 5. e4 O-O 6. Be2 Bg4 7. Be3 Nfd7 8. Rc1
c5 9. d5 Na6 10. Qd2 Nc7 11. Bh6 Bxf3 12. Bxf3 Bxh6 13. Qxh6 e6 14. h4 exd5 15.
cxd5 Qf6 16. Bg4 Ne5 17. Be2 b5 18. h5 Qg7 19. Qd2 b4 20. Nd1 f5 21. hxg6 hxg6
22. f4 Nd7 23. Ne3 fxe4 24. Ng4 Rfe8 25. f5 Nf6 26. Rh6 Nxg4 27. Rxg6 Qxg6 28.
fxg6 e3 29. Qd3 Ne5 30. Qxe3 Kg7 31. Kf1 Nxd5 32. Qd2 Rf8+ 33. Kg1 Nf4 34. Rf1
Nexg6 35. Bg4 1-0

[Event "CN Equipas 2017 - 1. div"]
[Site "Leiria POR"]
[Date "2017.07.18"]
[Round "2.2.3"]
[White "Padeiro, José"]
[Black "Petkov, Vladimir"]
[Result "1/2-1/2"]
[WhiteElo "2276"]
[BlackElo "2489"]
[WhiteFideId "1901311"]
[BlackFideId "2901188"]
[WhiteTeam "O AmanhÃ£ da CrianÃ§a 'A'"]
[BlackTeam "AX Gaia 'A'"]
[WhiteTitle "FM"]
[BlackTitle "GM"]
[PlyCount "160"]

1. e4 c5 2. Nc3 d6 3. f4 Nf6 4. Bb5+ Bd7 5. Bxd7+ Qxd7 6. Nf3 Nc6 7. O-O e6 8.
d4 cxd4 9. Nxd4 Rc8 10. Kh1 Be7 11. f5 O-O 12. a4 Ne5 13. Nf3 Qc6 14. Nxe5 dxe5
15. fxe6 fxe6 16. Bg5 Bc5 17. Bxf6 gxf6 18. Qg4+ Kh8 19. Rf3 Rc7 20. Raf1 Rg7
21. Qh4 Be7 22. Qh3 a6 23. Rg3 Qc4 24. Rd1 Rxg3 25. Qxg3 b5 26. axb5 axb5 27.
Qd3 Qxd3 28. cxd3 b4 29. Ne2 f5 30. exf5 Rxf5 31. b3 Rf2 32. Re1 Bg5 33. Ng1 Rb2
34. Rxe5 Bf6 35. Rxe6 Kg7 36. g3 Rxb3 37. Rb6 Rb2 38. Nf3 Bc3 39. Ng5 h5 40.
Ne6+ Kf7 41. Nc5 Ke7 42. Re6+ Kd8 43. Rh6 Kc7 44. Na6+ Kd7 45. Nxb4 Bxb4 46.
Rxh5 Bd6 47. Rf5 Ke6 48. Rf3 Be5 49. Kg1 Bd4+ 50. Kh1 Rd2 51. h4 Bf6 52. Kg1 Kf7
53. Rf2 Rxd3 54. Kg2 Ke6 55. Rf3 Rd2+ 56. Kh3 Be5 57. Kg4 Rd8 58. Kh3 Kd5 59.
Rd3+ Bd4 60. Rf3 Ke6 61. g4 Be5 62. g5 Rd4 63. Rf1 Ra4 64. Rf3 Kd5 65. Rf1 Rb4
66. Rd1+ Ke6 67. Rf1 Re4 68. Rf3 Bd6 69. Rf6+ Ke5 70. Rf3 Bb4 71. Rf7 Ke6 72.
Rf6+ Ke7 73. Rh6 Be1 74. g6 Bc3 75. Rh7+ Kf6 76. h5 Kg5 77. g7 Re8 78. h6 Kg6
79. Rh8 Rxh8 80. gxh8=Q Bxh8 1/2-1/2

[Event "CN Equipas 2017 - 1. div"]
[Site "Leiria POR"]
[Date "2017.07.18"]
[Round "2.2.4"]
[White "Strikovic, Aleksa"]
[Black "Pinheiro, Albano"]
[Result "1-0"]
[WhiteElo "2509"]
[BlackElo "2071"]
[WhiteFideId "900150"]
[BlackFideId "1901761"]
[WhiteTeam "AX Gaia 'A'"]
[BlackTeam "O AmanhÃ£ da CrianÃ§a 'A'"]
[WhiteTitle "GM"]
[PlyCount "53"]

1. c4 f5 2. Nf3 Nf6 3. g3 g6 4. Bg2 Bg7 5. O-O O-O 6. d4 d6 7. b4 c6 8. Bb2 Qc7
9. Nbd2 Re8 10. Qb3 h6 11. Rfe1 Kh7 12. e4 fxe4 13. Nxe4 Nxe4 14. Rxe4 Bf5 15.
Re3 Nd7 16. Nh4 e5 17. Nxf5 gxf5 18. Rae1 Rf8 19. Qc2 Kh8 20. dxe5 dxe5 21. Bh3
f4 22. Rd3 fxg3 23. Rxg3 Rf7 24. Qg6 Nf8 25. Qh5 Re8 26. Bf5 Qd6 27. Qxf7 1-0

[Event "CN Equipas 2017 - 1. div"]
[Site "Leiria POR"]
[Date "2017.07.18"]
[Round "2.3.1"]
[White "Fier, Alexandr"]
[Black "Zeibel, Patrick"]
[Result "1/2-1/2"]
[WhiteElo "2589"]
[BlackElo "2452"]
[WhiteFideId "2107139"]
[BlackFideId "24624322"]
[WhiteTeam "AX Portugal/Atlantidiagonal 'A'"]
[BlackTeam "CX Montemor-o-Velho/CTGA 'A'"]
[WhiteTitle "GM"]
[BlackTitle "IM"]
[PlyCount "123"]

1. d4 Nf6 2. c4 e6 3. Nf3 Bb4+ 4. Nbd2 O-O 5. a3 Be7 6. e4 d6 7. Be2 Nbd7 8. Qc2
e5 9. O-O a5 10. Nb1 exd4 11. Nxd4 Nc5 12. Nc3 Re8 13. f3 c6 14. Be3 a4 15. Rad1
Qc7 16. Kh1 Bf8 17. g4 g6 18. Rg1 b6 19. Qd2 Ra5 20. Nf5 Bxf5 21. gxf5 d5 22.
cxd5 cxd5 23. fxg6 hxg6 24. Bf4 Qd8 25. e5 Nh5 26. Bg5 Be7 27. Bxe7 Qxe7 28.
Nxd5 Qxe5 29. Bc4 Ne6 30. Nxb6 Qf5 31. Bd5 Rc5 32. Be4 Qh3 33. Nxa4 Rg5 34. Rxg5
Nxg5 35. Qg2 Qh4 36. Nc3 Nh3 37. Rf1 Re5 38. f4 N3xf4 39. Qf2 Qxf2 40. Rxf2 f5
41. Bg2 Nd3 42. Rf1 Nxb2 43. Rb1 Nf4 44. h4 Nxg2 45. Kxg2 Rc5 46. Ne2 Rc2 47.
Kf3 Kg7 48. Rg1 Nc4 49. Nd4 Rc3+ 50. Kf4 Rxa3 51. h5 Ra6 52. Nxf5+ Kf7 53. Nh6+
Kg7 54. Ng4 Kh7 55. h6 Nd6 56. Rd1 Ra4+ 57. Kf3 Ra3+ 58. Kg2 Ra6 59. Kh3 Ra3+
60. Kh4 Nf7 61. Rh1 Nxh6 62. Nxh6 1/2-1/2

[Event "CN Equipas 2017 - 1. div"]
[Site "Leiria POR"]
[Date "2017.07.18"]
[Round "2.4.2"]
[White "Camacho Collados, Marcos"]
[Black "Silva, Fernando"]
[Result "1/2-1/2"]
[WhiteElo "2417"]
[BlackElo "2249"]
[WhiteFideId "2266237"]
[BlackFideId "1900188"]
[WhiteTeam "ADRC Mata de Benfica 'A'"]
[BlackTeam "Sporting Clube Portugal 'A'"]
[WhiteTitle "IM"]
[BlackTitle "IM"]
[PlyCount "135"]

1. d4 Nf6 2. Nf3 g6 3. Bg5 Bg7 4. Nbd2 h6 5. Bxf6 Bxf6 6. e4 d6 7. c3 O-O 8. Bc4
c6 9. a4 d5 10. exd5 cxd5 11. Bd3 Nc6 12. O-O Bg4 13. h3 Bxf3 14. Nxf3 e5 15.
dxe5 Nxe5 16. Nxe5 Bxe5 17. Qb3 Qg5 18. Rad1 b6 19. Bb5 Rad8 20. Bc6 d4 21. c4
d3 22. Bd5 d2 23. Qc2 Bf4 24. Qb3 h5 25. g3 h4 26. Kh1 hxg3 27. fxg3 Qxg3 28.
Qxg3 Bxg3 29. Rxd2 Kg7 30. Re2 Bd6 31. Re4 Bc5 32. Kg2 Rd7 33. Rfe1 a5 34. b3
Rh8 35. Rf1 Rh5 36. Rf3 Rg5+ 37. Rg3 Rf5 38. Rf3 Rg5+ 39. Rg3 Rxg3+ 40. Kxg3 Rd6
41. Kf3 Rd8 42. Re1 Rh8 43. Kg2 Rh5 44. Re8 Rg5+ 45. Kf3 Rf5+ 46. Kg3 Rf1 47.
Ra8 f5 48. Rc8 Rb1 49. Rc7+ Kh6 50. Rc6 Rxb3+ 51. Kg2 Rb2+ 52. Kg3 Rb1 53. Kf4
Rf1+ 54. Ke5 Re1+ 55. Kf6 f4 56. Kf7 Re7+ 57. Kf6 Re8 58. Rc7 Rf8+ 59. Rf7 Bd4+
60. Ke6 Rxf7 61. Kxf7 Kg5 62. Be4 Kh4 63. Bg2 Kg3 64. Bf1 Kf2 65. Bd3 f3 66.
Kxg6 Kg2 67. h4 f2 68. Kf5 1/2-1/2

[Event "CN Equipas 2017 - 1. div"]
[Site "Leiria POR"]
[Date "2017.07.18"]
[Round "2.5.1"]
[White "Martinez, Lelys"]
[Black "Luch, Michal"]
[Result "1/2-1/2"]
[WhiteElo "2495"]
[BlackElo "2393"]
[WhiteFideId "3504727"]
[BlackFideId "1120042"]
[WhiteTeam "GD Dias Ferreira 'A'"]
[BlackTeam "AA Coimbra 'A'"]
[WhiteTitle "GM"]
[BlackTitle "IM"]
[PlyCount "46"]

1. Nf3 d5 2. c4 e6 3. g3 dxc4 4. Qa4+ Nd7 5. Bg2 a6 6. Qxc4 b5 7. Qc2 Bb7 8. O-O
c5 9. b3 Ngf6 10. Bb2 Be7 11. a4 Rc8 12. d3 O-O 13. Nbd2 Qb6 14. Qc3 Rfd8 15.
Ra2 Bf8 16. axb5 axb5 17. Rfa1 Ra8 18. Rxa8 Rxa8 19. Rxa8 Bxa8 20. e4 Ne8 21.
Ne1 Be7 22. Qc1 Bb7 23. Qa1 Qa6 1/2-1/2